000 00592ntaaa2200193 4500
003 01
005 20251027201200.0
008 0714s1973 ag 01
040 _aAR-BaBN
_bspa
_cAR-BaBN
_eaacr
_dRIC
082 _a220.4 C23c
100 _aCarrillo Alday, Salvador
_9880
245 _aCuales son las textos originales más antiguos de la Biblia? (Historia del texto sagrado.) /
_cSalvador Carrillo Alday
250 _a1 ed.
260 _aMéxico :
_bInstituto de Sagrada Escritura,
_cn.f.
300 _a24 p.
650 _aBiblia-Texto
_99698
650 _aBiblia-Versiones
_9463
942 _cBK
999 _c6119
_d6119